00388nam a2200121Ia 4500008004100000040001700041041001200058082001600070100001100086245014900097260000900246300001100255230917s9999||||xx |||||||||||||| ||und|| e213116aMAIN aEnglish a372.35 A89S aAnupam 0aScientific creativity and scientific temperament of school students in relation to their institutional climate, anxiety and academic achievement c2012 a198 p.